| 000 | 00558nam a2200193Ia 4500 | ||
|---|---|---|---|
| 008 | 151121s9999||||xx |||||||||||||| ||und|| | ||
| 082 | _a390/तिवारी | ||
| 082 | _bHNW-65700 | ||
| 100 | _aतिवारी कपिल | ||
| 245 | _aप्रत्यय | ||
| 260 | _bमध्यप्रदेश सरकार | ||
| 260 | _c-- | ||
| 300 | _a319 | ||
| 600 | _aतिवारी कपिल | ||
| 630 | _aप्रत्यय | ||
| 700 | _aतिवारी कपिल | ||
| 730 | _aप्रत्यय | ||
| 942 | _cBOOK | ||
| 999 |
_c1247205 _d1247202 |
||